[Event "Mittelrhein Regionalliga 1920"]
[Site "Mittelrhein"]
[Date "2019.09.29"]
[Round "1.1"]
[White "Vandenbergen, Nicolas"]
[Black "Distelrath, Stephan"]
[Result "1-0"]
[WhiteElo "2156"]
[BlackElo "2095"]
[PlyCount "85"]
[EventDate "2019.09.29"]
[EventType "team-tourn"]
[EventRounds "9"]
[EventCountry "GER"]
[SourceTitle "EXT 2023"]
[Source "ChessBase"]
[SourceDate "2022.10.05"]
[SourceVersion "1"]
[SourceVersionDate "2022.10.05"]
[SourceQuality "1"]
[WhiteTeam "Euskirchen Turm"]
[BlackTeam "Koeln Ford SF"]
[WhiteTeamCountry "GER"]
[BlackTeamCountry "GER"]

1. d4 Nf6 2. c4 c5 3. d5 b5 4. cxb5 a6 5. Nc3 axb5 6. e4 d6 7. Bxb5+ Bd7 8. Bc4 g6 9. Nf3 Bg7 10. Qe2 Bg4 11. h3 Bxf3 12. Qxf3 Nbd7 13. 0-0 0-0 14. Qe2 Nb6 15. Bb5 Nfd7 16. a4 f5 17. f4 Bd4+ 18. Kh2 fxe4 19. Bc6 Bxc3 20. bxc3 Ra7 21. Qxe4 Nf6 22. Qe6+ Kg7 23. f5 Qc8 24. Bg5 Qxe6 25. fxe6 Nbxd5 26. Bxd5 Nxd5 27. Bh6+ Kxh6 28. Rxf8 Nxc3 29. a5 d5 30. Rb8 Ne4 31. a6 Nd6 32. Rd8 Kg7 33. Rd7 Ra8 34. Rxe7+ Kf6 35. Rc7 Kxe6 36. Rxc5 Ne4 37. Rc7 d4 38. a7 d3 39. Ra6+ Kf5 40. Rf7+ Kg5 41. Ra5+ Kh6 42. Rd5 d2 43. Re7 1-0

[Event "Mittelrhein Regionalliga 18/19"]
[Site "Nordrheinwestfalen"]
[Date "2018.11.18"]
[Round "4.1"]
[White "Weigant, Wladimir"]
[Black "Vandenbergen, Nicolas"]
[Result "0-1"]
[WhiteElo "2165"]
[BlackElo "2142"]
[PlyCount "56"]
[EventDate "2018.10.28"]
[EventType "team-tourn"]
[EventRounds "11"]
[EventCountry "GER"]
[SourceTitle "EXT 2022"]
[Source "ChessBase"]
[SourceDate "2021.10.06"]
[SourceVersion "1"]
[SourceVersionDate "2021.10.06"]
[SourceQuality "1"]
[WhiteTeam "Bonn Stadtverwaltung"]
[BlackTeam "Euskirchen Turm"]
[WhiteTeamCountry "GER"]
[BlackTeamCountry "GER"]

1. Nf3 Nc6 2. d4 d5 3. g3 Bg4 4. Bg2 Qd7 5. h3 Bxf3 6. Bxf3 0-0-0 7. c3 e5 8. Be3 Nge7 9. Qa4 exd4 10. cxd4 Nf5 11. Bg4 h5 12. Bxf5 Qxf5 13. Nc3 Bb4 14. 0-0-0 Bxc3 15. bxc3 Rhe8 16. Rd3 Re6 17. h4 b6 18. c4 dxc4 19. Qxc4 Na5 20. Qa6+ Kb8 21. Kb1 Nc6 22. Rhd1 Nb4 23. Qc4 Nxd3 24. Rxd3 Qd5 25. Qxd5 Rxd5 26. Kc2 Rc6+ 27. Kd2 Rc4 28. f3 Ra4 0-1

[Event "Mittelrhein Verbandsliga-S 17/18"]
[Site "Nordrheinwestfalen"]
[Date "2018.03.18"]
[Round "9.1"]
[White "Vandenbergen, Nicolas"]
[Black "Hemmann, Arnold"]
[Result "1/2-1/2"]
[WhiteElo "2143"]
[BlackElo "2082"]
[PlyCount "42"]
[EventDate "2017.09.10"]
[EventType "team-tourn"]
[EventRounds "11"]
[EventCountry "GER"]
[SourceTitle "EXT 2022"]
[Source "ChessBase"]
[SourceDate "2021.10.06"]
[SourceVersion "1"]
[SourceVersionDate "2021.10.06"]
[SourceQuality "1"]
[WhiteTeam "Euskirchen Turm"]
[BlackTeam "Godesberg III"]
[WhiteTeamCountry "GER"]
[BlackTeamCountry "GER"]

1. Nc3 d5 2. e4 d4 3. Nce2 e5 4. Ng3 g6 5. Bc4 Qe7 6. Nf3 h5 7. h3 Nc6 8. c3 Bd7 9. b4 Bg7 10. Qb3 Nh6 11. Ba3 Qf6 12. Bd5 dxc3 13. Qxc3 h4 14. Nf1 a6 15. Ne3 Nd4 16. Bxb7 Nxf3+ 17. gxf3 Qxf3 18. Bxa8 Qxh1+ 19. Ke2 Qxh3 20. b5 Bxb5+ 21. d3 Qd7 1/2-1/2

[Event "Mittelrhein Verbandsliga-S 17/18"]
[Site "Nordrheinwestfalen"]
[Date "2018.02.25"]
[Round "8.1"]
[White "Evers, Leo"]
[Black "Vandenbergen, Nicolas"]
[Result "1-0"]
[WhiteElo "1997"]
[BlackElo "2143"]
[PlyCount "63"]
[EventDate "2017.09.10"]
[EventType "team-tourn"]
[EventRounds "11"]
[EventCountry "GER"]
[SourceTitle "EXT 2022"]
[Source "ChessBase"]
[SourceDate "2021.10.06"]
[SourceVersion "1"]
[SourceVersionDate "2021.10.06"]
[SourceQuality "1"]
[WhiteTeam "Porz SG III"]
[BlackTeam "Euskirchen Turm"]
[WhiteTeamCountry "GER"]
[BlackTeamCountry "GER"]

1. d4 d5 2. c4 Nc6 3. Nc3 dxc4 4. Nf3 Nf6 5. Bg5 Bg4 6. d5 Bxf3 7. exf3 Ne5 8. Qd4 Qd6 9. Bf4 Nfd7 10. 0-0-0 c6 11. Bxc4 g5 12. Bxe5 Qxe5 13. dxc6 Qxd4 14. Rxd4 bxc6 15. Bxf7+ Kxf7 16. Rxd7 Bg7 17. Re1 Rhe8 18. Ne4 Kg6 19. Nc5 Rab8 20. b3 e5 21. Rxa7 Rb5 22. Ne4 Bf8 23. Rd1 h6 24. Kb2 Rd5 25. Rc1 c5 26. Ra6+ Kf7 27. Rc6 Ra8 28. a4 Ra5 29. Rc2 Kg7 30. Nd2 Ra7 31. Nc4 Be7 32. Ne3 1-0

[Event "Mittelrhein Verbandsliga-S 17/18"]
[Site "Nordrheinwestfalen"]
[Date "2017.11.12"]
[Round "4.1"]
[White "Schwarz, Andreas"]
[Black "Vandenbergen, Nicolas"]
[Result "1-0"]
[WhiteElo "2078"]
[BlackElo "2162"]
[PlyCount "59"]
[EventDate "2017.09.10"]
[EventType "team-tourn"]
[EventRounds "11"]
[EventCountry "GER"]
[SourceTitle "EXT 2022"]
[Source "ChessBase"]
[SourceDate "2021.10.06"]
[SourceVersion "1"]
[SourceVersionDate "2021.10.06"]
[SourceQuality "1"]
[WhiteTeam "Troisdorf"]
[BlackTeam "Euskirchen Turm"]
[WhiteTeamCountry "GER"]
[BlackTeamCountry "GER"]

1. d4 d5 2. c4 Nc6 3. Nc3 dxc4 4. d5 Ne5 5. f4 Ng4 6. e4 e5 7. Nf3 Bc5 8. h3 Ne3 9. Bxe3 Bxe3 10. fxe5 Ne7 11. Bxc4 Ng6 12. h4 Bf4 13. Ne2 Bh6 14. Kf2 Bg4 15. h5 Bxf3 16. hxg6 Bxe4 17. gxf7+ Kxf7 18. Qd4 Bf5 19. Raf1 Qg5 20. d6+ Ke8 21. dxc7 Rc8 22. Bb5+ Kf7 23. Qd5+ Ke7 24. Qd6+ Kf7 25. Ke1 Rhf8 26. Bd7 Kg8 27. Bxf5 Rxc7 28. Be6+ Rff7 29. Bxf7+ Kh8 30. Qf8# 1-0

[Event "Mittelrhein Verbandsliga-O 16/17"]
[Site "Nordrheinwestfalen"]
[Date "2016.10.23"]
[Round "3"]
[White "Vandenbergen, Nicolas"]
[Black "Hemmert, Burghard"]
[Result "0-1"]
[WhiteElo "2088"]
[BlackElo "2009"]
[PlyCount "130"]
[EventDate "2016.09.11"]
[EventType "team-tourn"]
[EventRounds "11"]
[EventCountry "GER"]
[SourceTitle "EXT 2022"]
[Source "ChessBase"]
[SourceDate "2021.10.06"]
[SourceVersion "1"]
[SourceVersionDate "2021.10.06"]
[SourceQuality "1"]
[WhiteTeam "Euskirchen Turm"]
[BlackTeam "Siebengebirge"]
[WhiteTeamCountry "GER"]
[BlackTeamCountry "GER"]

1. Nc3 c5 2. e4 Nc6 3. g3 g6 4. Bg2 Bg7 5. d3 e6 6. Be3 d6 7. Qd2 Rb8 8. f4 Nge7 9. Nf3 Qb6 10. Nd1 Nd4 11. 0-0 Nxf3+ 12. Bxf3 Nc6 13. c3 0-0 14. g4 f5 15. Qg2 Bd7 16. Kh1 Rbe8 17. Rg1 Qd8 18. Nf2 Kh8 19. Rae1 fxg4 20. Bxg4 Qf6 21. Ref1 Qe7 22. Nh3 Nd8 23. Ng5 Nf7 24. Nf3 Bc6 25. Nd2 Nh6 26. Bf3 d5 27. Qf2 b6 28. h4 dxe4 29. dxe4 e5 30. fxe5 Qxe5 31. h5 gxh5 32. Rg5 Qe6 33. Rxh5 Rf6 34. Rg1 Ref8 35. Qg2 R8f7 36. Rg5 Rg6 37. Rxg6 hxg6 38. Qh2 Kh7 39. Rg3 Bd7 40. Bg4 Qxa2 41. Bxd7 Rxd7 42. Rh3 Kg8 43. Bxh6 Bxh6 44. Nf1 Qb1 45. Qg2 Kh7 46. Rf3 Re7 47. Rf6 Qxe4 48. Rf7+ Bg7 49. Qxe4 Rxe4 50. Ng3 Re1+ 51. Kg2 Rb1 52. Rf2 g5 53. Kf3 Kg6 54. Ke4 Bf6 55. Kd5 Rd1+ 56. Kc6 g4 57. Nf5 Bg5 58. Nd6 Rd2 59. Rxd2 Bxd2 60. Ne4 Bf4 61. b4 cxb4 62. cxb4 Kf5 63. Kd5 g3 64. Nxg3+ Bxg3 65. Kc6 Ke4 0-1

[Event "Mittelrhein Verbandsliga-O 15/16"]
[Site "Nordrheinwestfalen"]
[Date "2016.01.10"]
[Round "6"]
[White "Vandenbergen, Nicolas"]
[Black "Thiemonds, Uli"]
[Result "1-0"]
[WhiteElo "2018"]
[BlackElo "2034"]
[PlyCount "69"]
[EventDate "2015.09.06"]
[EventType "team-tourn"]
[EventRounds "11"]
[EventCountry "GER"]
[SourceTitle "EXT 2022"]
[Source "ChessBase"]
[SourceDate "2021.10.06"]
[SourceVersion "1"]
[SourceVersionDate "2021.10.06"]
[SourceQuality "1"]
[WhiteTeam "Euskirchen Turm"]
[BlackTeam "Porz SG IV"]
[WhiteTeamCountry "GER"]
[BlackTeamCountry "GER"]

1. Nc3 e6 2. e4 d5 3. d4 Bb4 4. e5 c5 5. a3 Bxc3+ 6. bxc3 Ne7 7. Qg4 Qc7 8. Bd2 Nbc6 9. Nf3 Bd7 10. Qxg7 Rg8 11. Qf6 0-0-0 12. g3 cxd4 13. cxd4 Nf5 14. Bd3 Rg6 15. Qxf7 Ncxd4 16. Nxd4 Qxe5+ 17. Be3 Be8 18. Qf8 Bc6 19. Qb4 Nxe3 20. fxe3 Qxe3+ 21. Ne2 Rf6 22. Qd4 Qg5 23. h4 Qg7 24. Kd2 Re8 25. Qe5 Ref8 26. Rhf1 Qe7 27. Rxf6 Rxf6 28. Nf4 Kd7 29. Re1 a6 30. Nxe6 Rf2+ 31. Kd1 Qxa3 32. Qc7+ Ke8 33. Ng7+ Kf8 34. Re8+ Bxe8 35. Ne6+ 1-0

[Event "Mittelrhein Verbandsliga-O 15/16"]
[Site "Nordrheinwestfalen"]
[Date "2015.09.06"]
[Round "1"]
[White "Vandenbergen, Nicolas"]
[Black "Kessler, Ulrich"]
[Result "1-0"]
[WhiteElo "2004"]
[BlackElo "1827"]
[PlyCount "31"]
[EventDate "2015.09.06"]
[EventType "team-tourn"]
[EventRounds "11"]
[EventCountry "GER"]
[SourceTitle "EXT 2022"]
[Source "ChessBase"]
[SourceDate "2021.10.06"]
[SourceVersion "1"]
[SourceVersionDate "2021.10.06"]
[SourceQuality "1"]
[WhiteTeam "Euskirchen Turm"]
[BlackTeam "Troisdorf"]
[WhiteTeamCountry "GER"]
[BlackTeamCountry "GER"]

1. d4 f5 2. g3 Nf6 3. Bg2 g6 4. Nh3 Bg7 5. Nf4 0-0 6. Nc3 c6 7. h4 Qe8 8. h5 g5 9. h6 Bh8 10. Nd3 g4 11. Nf4 e5 12. dxe5 Qxe5 13. Be3 Ne4 14. Bxe4 fxe4 15. Rh5 Qe7 16. Bc5 1-0

[Event "Mittelrhein Verbandsliga Ost 1415"]
[Site "Mittelrhein"]
[Date "2015.02.01"]
[Round "7.3"]
[White "Vandenbergen, Nicolas"]
[Black "Klein, Manfred"]
[Result "0-1"]
[WhiteElo "2050"]
[BlackElo "2009"]
[PlyCount "62"]
[EventDate "2014.09.07"]
[EventType "team-tourn"]
[EventRounds "11"]
[EventCountry "GER"]
[SourceTitle "EXT 2023"]
[Source "ChessBase"]
[SourceDate "2022.10.05"]
[SourceVersion "1"]
[SourceVersionDate "2022.10.05"]
[SourceQuality "1"]
[WhiteTeam "Euskirchen Turm"]
[BlackTeam "Siegburg"]
[WhiteTeamCountry "GER"]
[BlackTeamCountry "GER"]

1. Nc3 c5 2. e4 Nc6 3. g3 g6 4. Bg2 Bg7 5. d3 d6 6. f4 e5 7. Nf3 Nge7 8. 0-0 0-0 9. Be3 Nd4 10. h3 exf4 11. gxf4 f5 12. a4 Kh8 13. Kh1 Nxf3 14. Qxf3 Nc6 15. Qf2 Be6 16. Rab1 Qd7 17. Kh2 b6 18. Ne2 d5 19. c3 fxe4 20. dxe4 dxe4 21. Bxe4 Rad8 22. Rfd1 Qc7 23. b4 Rxd1 24. Rxd1 cxb4 25. cxb4 Ne7 26. Nd4 Bd7 27. Qh4 Bf6 28. Qh6 Re8 29. Nf3 Ng8 30. Bd4 Bxd4 31. Qh4 Bf6 0-1

[Event "Mittelrhein Verbandsliga Ost 1415"]
[Site "Mittelrhein"]
[Date "2014.11.09"]
[Round "4.3"]
[White "Hemmert, Burghard"]
[Black "Vandenbergen, Nicolas"]
[Result "1-0"]
[WhiteElo "1988"]
[BlackElo "2028"]
[PlyCount "83"]
[EventDate "2014.09.07"]
[EventType "team-tourn"]
[EventRounds "11"]
[EventCountry "GER"]
[SourceTitle "EXT 2023"]
[Source "ChessBase"]
[SourceDate "2022.10.05"]
[SourceVersion "1"]
[SourceVersionDate "2022.10.05"]
[SourceQuality "1"]
[WhiteTeam "Siebengebirge"]
[BlackTeam "Euskirchen Turm"]
[WhiteTeamCountry "GER"]
[BlackTeamCountry "GER"]

1. e4 c5 2. Nf3 Nc6 3. d4 cxd4 4. Nxd4 Nf6 5. Nc3 e5 6. Ndb5 d6 7. Bg5 a6 8. Bxf6 gxf6 9. Na3 f5 10. Bd3 Qg5 11. g3 Qg6 12. exf5 Bxf5 13. Bxf5 Qxf5 14. Qd5 Be7 15. f4 Rc8 16. 0-0 Qe6 17. f5 Qxd5 18. Nxd5 b5 19. c3 Rg8 20. Rad1 Rg4 21. Nc2 Rg5 22. Nce3 Bd8 23. Kg2 h5 24. Kf3 Kd7 25. h3 Na5 26. b3 Nc6 27. g4 a5 28. a3 h4 29. Ke4 f6 30. Ng2 Rg7 31. Nxh4 Rh7 32. Nf3 Rxh3 33. Rh1 Rg3 34. Rdg1 Rxg1 35. Rxg1 Ne7 36. Nxf6+ Kc6 37. g5 Bc7 38. c4 bxc4 39. bxc4 Kc5 40. g6 Kxc4 41. Rc1+ Kb5 42. g7 1-0

[Event "Mittelrhein Verbandsliga Ost 1415"]
[Site "Mittelrhein"]
[Date "2014.09.28"]
[Round "2.3"]
[White "Vandenbergen, Nicolas"]
[Black "Wilke, Christopher"]
[Result "1/2-1/2"]
[WhiteElo "2028"]
[BlackElo "1982"]
[PlyCount "74"]
[EventDate "2014.09.07"]
[EventType "team-tourn"]
[EventRounds "11"]
[EventCountry "GER"]
[SourceTitle "EXT 2023"]
[Source "ChessBase"]
[SourceDate "2022.10.05"]
[SourceVersion "1"]
[SourceVersionDate "2022.10.05"]
[SourceQuality "1"]
[WhiteTeam "Euskirchen Turm"]
[BlackTeam "Niederkassel II"]
[WhiteTeamCountry "GER"]
[BlackTeamCountry "GER"]

1. Nc3 d5 2. e4 c6 3. Qf3 d4 4. Bc4 e6 5. Nce2 Nf6 6. d3 Nbd7 7. Qg3 c5 8. a3 g6 9. f4 Bg7 10. Nf3 b5 11. Ba2 Bb7 12. 0-0 Nxe4 13. dxe4 Bxe4 14. Ne1 0-0 15. Qh3 c4 16. g4 Nc5 17. Ng3 Bc6 18. Nf3 d3 19. Be3 Qe7 20. Ne5 Bxe5 21. fxe5 dxc2 22. Rac1 Rad8 23. Rxc2 Rd3 24. Qh6 f5 25. exf6 Rxf6 26. Rxf6 Qxf6 27. Rf2 Rd1+ 28. Nf1 Qe7 29. Bg5 Qg7 30. Qxg7+ Kxg7 31. Bf6+ Kg8 32. Rd2 Rc1 33. Bd4 Ne4 34. Re2 Ng5 35. Kf2 Ne4+ 36. Kg1 Ng5 37. Kf2 Ne4+ 1/2-1/2

[Event "Verbandsliga Mittelrhein-Ost 1213"]
[Site "Germany"]
[Date "2013.02.03"]
[Round "7.2"]
[White "Vandenbergen, Nicolas"]
[Black "Neese, Hans Joachim"]
[Result "1/2-1/2"]
[WhiteElo "2018"]
[BlackElo "2089"]
[PlyCount "115"]
[EventDate "2012.09.09"]
[EventType "team"]
[EventRounds "11"]
[EventCountry "GER"]
[SourceTitle "EXT 2015"]
[Source "ChessBase"]
[SourceDate "2014.11.20"]
[SourceVersion "1"]
[SourceVersionDate "2014.11.20"]
[SourceQuality "1"]
[WhiteTeam "Euskirchen Turm"]
[BlackTeam "Hennef"]
[WhiteTeamCountry "GER"]
[BlackTeamCountry "GER"]

1. d4 Nf6 2. Nc3 d5 3. Bg5 Nbd7 4. e3 h6 5. Bh4 e6 6. Nf3 Be7 7. Bd3 0-0 8. Qe2 c5 9. Bb5 a6 10. Bxd7 Bxd7 11. dxc5 Bxc5 12. 0-0 Be7 13. Ne5 Rc8 14. Kh1 Be8 15. f4 Nd7 16. Bg3 f5 17. Nxd7 Bxd7 18. Rfd1 Qb6 19. Rab1 Qc6 20. Be1 b5 21. Rbc1 Bf6 22. Rd3 b4 23. Nd1 a5 24. a3 Qa6 25. Rd2 Bb5 26. Qh5 Be8 27. Qf3 Rc4 28. h3 Bc6 29. b3 Rc5 30. axb4 axb4 31. Nf2 Qf1+ 32. Kh2 d4 33. e4 Rc3 34. Rd3 fxe4 35. Nxe4 Qxf3 36. gxf3 Bxe4 37. fxe4 Rc6 38. Bxb4 Rfc8 39. e5 Rxc2+ 40. Rxc2 Rxc2+ 41. Kg3 Bd8 42. Rxd4 Bb6 43. Rd6 Bf2+ 44. Kg4 Rb2 45. Rd3 Bg1 46. Bd2 Bc5 47. f5 Kf7 48. Kf4 exf5 49. Kxf5 Be7 50. Be3 g6+ 51. Ke4 h5 52. Kd5 Ra2 53. Bd2 Ra8 54. b4 Rb8 55. e6+ Ke8 56. Kc6 Bxb4 57. Rb3 Bd6 58. Rxb8+ 1/2-1/2

[Event "Mittelrhein Verbandsliga-O 1112"]
[Site "Germany"]
[Date "2012.03.18"]
[Round "8"]
[White "Vandenbergen, Nicolas"]
[Black "Kremser, Michael"]
[Result "0-1"]
[WhiteElo "2017"]
[BlackElo "2086"]
[PlyCount "74"]
[EventDate "2011.09.18"]
[EventType "team-tourn"]
[EventRounds "11"]
[EventCountry "GER"]
[SourceTitle "EXT 2013"]
[Source "ChessBase"]
[SourceDate "2012.11.22"]
[SourceVersion "1"]
[SourceVersionDate "2012.11.22"]
[SourceQuality "1"]
[WhiteTeam "Euskirchen Turm"]
[BlackTeam "Koeln Porz III"]
[WhiteTeamCountry "GER"]
[BlackTeamCountry "GER"]

1. d4 d5 2. c4 e6 3. Nc3 Be7 4. Bf4 Nf6 5. e3 0-0 6. cxd5 exd5 7. Bd3 Re8 8. Nge2 c6 9. Qc2 Nbd7 10. 0-0 Nf8 11. f3 Nh5 12. Be5 Bd6 13. Bxd6 Qxd6 14. e4 Nf4 15. e5 Qh6 16. Nxf4 Qxf4 17. Qf2 Ne6 18. Ne2 Qd2 19. Rad1 Qxb2 20. f4 c5 21. dxc5 Qa3 22. Qh4 Qxc5+ 23. Kh1 Nf8 24. Rf3 Bd7 25. Ng3 Qe7 26. Qh5 Rac8 27. Re1 Rc6 28. f5 Rh6 29. f6 Qb4 30. Rb1 Qxb1+ 31. Bxb1 Rxh5 32. Nxh5 Rxe5 33. Ng3 Bb5 34. Kg1 Re1+ 35. Kf2 Rxb1 36. fxg7 Ne6 37. Nf5 Rf1+ 0-1

[Event "Mittelrhein Verbandsliga-O 1112"]
[Site "Germany"]
[Date "2012.02.26"]
[Round "7"]
[White "Vandenbergen, Nicolas"]
[Black "Richter, Dirk"]
[Result "1-0"]
[WhiteElo "2017"]
[BlackElo "2030"]
[PlyCount "49"]
[EventDate "2011.09.18"]
[EventType "team-tourn"]
[EventRounds "11"]
[EventCountry "GER"]
[SourceTitle "EXT 2013"]
[Source "ChessBase"]
[SourceDate "2012.11.22"]
[SourceVersion "1"]
[SourceVersionDate "2012.11.22"]
[SourceQuality "1"]
[WhiteTeam "Euskirchen Turm"]
[BlackTeam "Siebengebirge"]
[WhiteTeamCountry "GER"]
[BlackTeamCountry "GER"]

1. Nc3 Nf6 2. e4 e5 3. f4 d6 4. Nf3 Bg4 5. h3 Bxf3 6. Qxf3 Be7 7. Bc4 0-0 8. 0-0 Nc6 9. d3 Nd4 10. Qf2 c6 11. fxe5 dxe5 12. a3 b5 13. Ba2 Bc5 14. Be3 Bb6 15. Kh1 Qc7 16. Qg3 Nh5 17. Qg4 Nf4 18. Bxf4 exf4 19. Rac1 a5 20. Rxf4 b4 21. Rcf1 bxc3 22. bxc3 Ra7 23. Rxf7 Rxf7 24. Rxf7 Qxf7 25. Qc8+ 1-0

[Event "Mittelrhein Verbandsliga-O 1112"]
[Site "Germany"]
[Date "2011.12.11"]
[Round "4"]
[White "Kolkin, Michail"]
[Black "Vandenbergen, Nicolas"]
[Result "1-0"]
[WhiteElo "2310"]
[BlackElo "2017"]
[PlyCount "63"]
[EventDate "2011.09.18"]
[EventType "team-tourn"]
[EventRounds "11"]
[EventCountry "GER"]
[SourceTitle "EXT 2013"]
[Source "ChessBase"]
[SourceDate "2012.11.22"]
[SourceVersion "1"]
[SourceVersionDate "2012.11.22"]
[SourceQuality "1"]
[WhiteTeam "Siegburg"]
[BlackTeam "Euskirchen Turm"]
[WhiteTeamCountry "GER"]
[BlackTeamCountry "GER"]

1. e4 c5 2. c3 Nf6 3. e5 Nd5 4. Nf3 Nc6 5. d4 cxd4 6. Bc4 Nb6 7. Bb3 d5 8. exd6 e6 9. cxd4 Bxd6 10. Nc3 0-0 11. 0-0 Nb4 12. a3 N4d5 13. Qd3 Qf6 14. Ne4 Qf5 15. Nh4 Qh5 16. g3 Bf4 17. Nf3 Bc7 18. Bd1 f6 19. Nc5 Qf7 20. Bc2 g6 21. h4 Ne7 22. Re1 Nbd5 23. Qe2 e5 24. Bh6 Re8 25. Ba4 Nc6 26. Bb3 b6 27. Ne4 Be6 28. Rac1 Nxd4 29. Nxd4 exd4 30. Bxd5 Bxd5 31. Nxf6+ Qxf6 32. Qxe8+ 1-0

[Event "Mittelrhein Verbandsliga-O 1112"]
[Site "Germany"]
[Date "2011.11.13"]
[Round "3"]
[White "Vandenbergen, Nicolas"]
[Black "Wieferig, Wolfgang"]
[Result "1-0"]
[WhiteElo "2017"]
[BlackElo "2174"]
[PlyCount "111"]
[EventDate "2011.09.18"]
[EventType "team-tourn"]
[EventRounds "11"]
[EventCountry "GER"]
[SourceTitle "EXT 2013"]
[Source "ChessBase"]
[SourceDate "2012.11.22"]
[SourceVersion "1"]
[SourceVersionDate "2012.11.22"]
[SourceQuality "1"]
[WhiteTeam "Euskirchen Turm"]
[BlackTeam "Freibauer Eikamp"]
[WhiteTeamCountry "GER"]
[BlackTeamCountry "GER"]

1. Nc3 d5 2. e4 dxe4 3. Nxe4 Bf5 4. Ng3 Bg6 5. Bc4 e5 6. Nf3 Nc6 7. h4 h5 8. d3 Bc5 9. c3 Qd7 10. Qe2 0-0-0 11. Be3 Bxe3 12. Qxe3 e4 13. dxe4 Nf6 14. Nd2 Ng4 15. Qf4 Nce5 16. Be2 Rhe8 17. f3 Nh6 18. 0-0-0 Qa4 19. Nb3 Rxd1+ 20. Rxd1 f6 21. Kb1 b6 22. Rd4 Qc6 23. Ka1 Qe6 24. Qd2 Qe7 25. Ba6+ Kb8 26. f4 c5 27. Rd6 Nhf7 28. Rd5 Nc6 29. Rd7 Qf8 30. Qd3 Nfd8 31. a4 Bf7 32. Bc4 Bxc4 33. Qxc4 Re7 34. Rd2 g6 35. a5 Qe8 36. Qd5 Kb7 37. f5 Re5 38. Qd6 c4 39. Nd4 Rxa5+ 40. Kb1 gxf5 41. Ndxf5 Ka6 42. Ne3 Nb7 43. Qxf6 Ne5 44. Nd5 Rxd5 45. Rxd5 Nd3 46. b3 Nbc5 47. Qd4 cxb3 48. Qc4+ b5 49. Qd4 Qc8 50. Qe3 Qg4 51. Rxd3 Nxd3 52. Qxd3 Qxh4 53. e5 Qa4 54. Qe2 Qa5 55. Ne4 Qc7 56. Nd6 1-0

[Event "Mittelrhein Verbandsliga-O 1112"]
[Site "Germany"]
[Date "2011.10.09"]
[Round "2"]
[White "Hemmann, Arnold"]
[Black "Vandenbergen, Nicolas"]
[Result "1-0"]
[WhiteElo "2063"]
[BlackElo "2017"]
[PlyCount "97"]
[EventDate "2011.09.18"]
[EventType "team-tourn"]
[EventRounds "11"]
[EventCountry "GER"]
[SourceTitle "EXT 2013"]
[Source "ChessBase"]
[SourceDate "2012.11.22"]
[SourceVersion "1"]
[SourceVersionDate "2012.11.22"]
[SourceQuality "1"]
[WhiteTeam "Rheinbacher SF"]
[BlackTeam "Euskirchen Turm"]
[WhiteTeamCountry "GER"]
[BlackTeamCountry "GER"]

1. e4 c5 2. b3 Nc6 3. Bb2 e5 4. f4 g6 5. Nf3 Bg7 6. Bc4 d6 7. 0-0 Nh6 8. Bb5 f6 9. fxe5 fxe5 10. Nc3 0-0 11. h3 Kh8 12. Nd5 Be6 13. Bxc6 bxc6 14. Ne3 Rb8 15. Qe2 Nf7 16. d3 Qe7 17. Rae1 Bh6 18. Nh2 Kg8 19. Neg4 Bg5 20. Bc1 Bh4 21. Rd1 Kg7 22. Bd2 h5 23. Ne3 Ng5 24. Rxf8 Rxf8 25. Rf1 Rxf1+ 26. Qxf1 Bg3 27. Nf3 Nf7 28. Qe2 Qf6 29. Nf1 Bf4 30. Qe1 g5 31. Bxf4 exf4 32. N1d2 g4 33. hxg4 hxg4 34. Nh4 Ne5 35. Nc4 Bxc4 36. bxc4 g3 37. Nf5+ Kg6 38. Qd2 Kg5 39. Nxg3 Kg4 40. Nf5 f3 41. Qf2 d5 42. cxd5 cxd5 43. Qg3+ Kh5 44. gxf3 dxe4 45. fxe4 Ng4 46. Qh3+ Kg5 47. Qh4+ Kf4 48. Qxf6 Nxf6 49. Kf2 1-0

[Event "Mittelrhein Verbandsliga-O 1112"]
[Site "Germany"]
[Date "2011.09.18"]
[Round "1"]
[White "Vandenbergen, Nicolas"]
[Black "Dehmel, Jens"]
[Result "0-1"]
[WhiteElo "2017"]
[BlackElo "2061"]
[PlyCount "98"]
[EventDate "2011.09.18"]
[EventType "team-tourn"]
[EventRounds "11"]
[EventCountry "GER"]
[SourceTitle "EXT 2013"]
[Source "ChessBase"]
[SourceDate "2012.11.22"]
[SourceVersion "1"]
[SourceVersionDate "2012.11.22"]
[SourceQuality "1"]
[WhiteTeam "Euskirchen Turm"]
[BlackTeam "Bonn Stadtverwaltung"]
[WhiteTeamCountry "GER"]
[BlackTeamCountry "GER"]

1. d4 d5 2. c4 c6 3. cxd5 cxd5 4. Bf4 Nf6 5. e3 Nc6 6. Bd3 Bg4 7. f3 Bd7 8. Nc3 e6 9. Nge2 Nh5 10. Be5 Be7 11. g4 Nf6 12. Bg3 0-0 13. Kf2 Rc8 14. Bb1 a6 15. a3 b5 16. b4 Qb6 17. Qd3 g6 18. Bf4 a5 19. Qxb5 Qxb5 20. Nxb5 axb4 21. axb4 Nxb4 22. Nec3 Ra8 23. Rxa8 Rxa8 24. Rg1 Ne8 25. e4 Ra5 26. Nc7 Nd6 27. exd5 exd5 28. Re1 Bh4+ 29. Bg3 Bxg3+ 30. Kxg3 Bc6 31. Re5 Nc4 32. Re1 Ra3 33. Rc1 Nd2 34. Kf4 Ra1 35. Rd1 Nc4 36. N7b5 Kf8 37. Kg5 Ra5 38. Nc7 Ra7 39. N7b5 Re7 40. Kh6 Re3 41. h4 Rxf3 42. Kxh7 Rg3 43. h5 Rxg4 44. h6 Rh4 45. Bxg6 Ne3 46. Rg1 Ng4 47. Rxg4 Rxg4 48. Bf5 Rf4 49. Bc8 Nc2 0-1

[Event "Regionalliga Mittelrhein 1011"]
[Site "Germany"]
[Date "2011.03.20"]
[Round "7.2"]
[White "Keller, Thomas L"]
[Black "Vandenbergen, Nicolas"]
[Result "0-1"]
[WhiteElo "2276"]
[BlackElo "2044"]
[PlyCount "98"]
[EventDate "2010.10.24"]
[EventType "team"]
[EventRounds "9"]
[EventCountry "GER"]
[SourceTitle "EXT 2015"]
[Source "ChessBase"]
[SourceDate "2014.11.20"]
[SourceVersion "1"]
[SourceVersionDate "2014.11.20"]
[SourceQuality "1"]
[WhiteTeam "Bruehl"]
[BlackTeam "Euskirchen Turm"]
[WhiteTeamCountry "GER"]
[BlackTeamCountry "GER"]

1. e4 c5 2. Nf3 Nc6 3. c3 Nf6 4. e5 Nd5 5. d4 cxd4 6. cxd4 d6 7. Nc3 dxe5 8. dxe5 Nxc3 9. Qxd8+ Nxd8 10. bxc3 Bd7 11. Nd4 Rc8 12. Be3 a6 13. Bd3 e6 14. Kd2 Nc6 15. Be4 Nxe5 16. Bxb7 Rb8 17. Bxa6 Rb2+ 18. Ke1 Bd6 19. Bc1 Rb6 20. Be2 Ke7 21. Nc2 Rc8 22. Kd2 Ba4 23. Nb4 Rxb4 24. cxb4 Bxb4+ 25. Ke3 Rc3+ 26. Ke4 Ng6 27. Bd3 Bc6+ 28. Ke3 Bb5 29. Rd1 Bc5+ 30. Ke2 Rxd3 31. Rxd3 Ne5 32. Be3 Bxd3+ 33. Kd2 Bb4+ 34. Kd1 Nc4 35. a4 Bc3 36. Bc5+ Kd7 37. Ra2 Kc6 38. Ba7 Kd5 39. Kc1 Ba5 40. f3 e5 41. g4 f6 42. Rg2 g6 43. Rg3 h6 44. Rg2 Be1 45. Kd1 Bc3 46. Kc1 Bd4 47. Bb8 Bb6 48. h4 Kc6 49. f4 exf4 0-1